| 000 | 00927nam a22002297a 4500 | ||
|---|---|---|---|
| 005 | 20120831141548.0 | ||
| 008 | 120831t xxu||||| |||| 00| 0 eng d | ||
| 010 | _aENG-105735 | ||
| 020 |
_a9788178223865 _c300.00 |
||
| 035 | _aEN-89268 | ||
| 037 | _bDBAD/PUB | ||
| 040 |
_aDPL _bEng |
||
| 082 | _a158.12 | ||
| 100 |
_951879 _aMellor, Ken |
||
| 245 |
_aInspiration meditation and personal wellbeing : _cby Ken Mellor _ba practical guide to balanced living / |
||
| 260 |
_aNew Delhi _bNew Age Books _c2012 |
||
| 270 |
_aA-44, Naraina Industrial Area, Phase-I _bNew Delhi _e110028 _mnab@newagebooksindia.com |
||
| 300 |
_a224p. : _c22cm(pbk) _bill. |
||
| 500 | _aIncludes bibliographical references and index | ||
| 942 |
_2ddc _cEN _mMEL _h158.12 |
||
| 999 |
_c69591 _d69591 |
||